[Event "Cannes - Festival International des Jeux"]
[Date "2026.03.01"]
[White "Droin, Augustin"]
[Black "Laurent-Paoli, Pierre"]
[WhiteElo "2480"]
[BlackElo "2539"]
[Round "9.9.2"]
[Result "1/2-1/2"]

e4 {[%emt 00:12:03] [%clk 01:18:55]} c5 {[%emt 00:01:34] [%clk 01:29:27]} Nf3
{[%emt 00:00:05] [%clk 01:19:20]} e6 {[%emt 00:00:09] [%clk 01:29:48]} d4 {[%emt
00:00:07] [%clk 01:19:43]} cxd4 {[%emt 00:00:05] [%clk 01:30:13]} Nxd4 {[%emt
00:00:03] [%clk 01:20:10]} Nf6 {[%emt 00:00:24] [%clk 01:30:19]} Nc3 {[%emt
00:10:49] [%clk 01:09:52]} Nc6 {[%emt 00:00:08] [%clk 01:30:41]} g3 {[%emt
00:00:03] [%clk 01:10:19]} Bb4 {[%emt 00:00:20] [%clk 01:30:50]} Bg2 {[%emt
00:00:29] [%clk 01:10:19]} O-O {[%emt 00:00:11] [%clk 01:31:09]} O-O {[%emt
00:00:40] [%clk 01:10:10]} d6 {[%emt 00:00:33] [%clk 01:31:06]} Nce2 {[%emt
00:05:13] [%clk 01:05:27]} Nxd4 {[%emt 00:05:33] [%clk 01:26:03]} Nxd4 {[%emt
00:01:21] [%clk 01:04:37]} Bc5 {[%emt 00:00:06] [%clk 01:26:27]} Nb3 {[%emt
00:07:01] [%clk 00:58:06]} Bb6 {[%emt 00:00:07] [%clk 01:26:49]} Qd3 {[%emt
00:01:39] [%clk 00:56:56]} e5 {[%emt 00:11:04] [%clk 01:16:15]} Be3 {[%emt
00:11:19] [%clk 00:46:07]} Be6 {[%emt 00:03:19] [%clk 01:13:26]} Rfd1 {[%emt
00:00:08] [%clk 00:46:29]} Bxe3 {[%emt 00:00:38] [%clk 01:13:18]} Qxe3 {[%emt
00:00:03] [%clk 00:46:56]} Qc7 {[%emt 00:00:31] [%clk 01:13:17]} Rd2 {[%emt
00:00:28] [%clk 00:46:58]} Rfd8 {[%emt 00:04:51] [%clk 01:08:56]} Rad1 {[%emt
00:00:05] [%clk 00:47:23]} h6 {[%emt 00:01:12] [%clk 01:08:14]} Nc1 {[%emt
00:03:26] [%clk 00:44:26]} b5 {[%emt 00:04:47] [%clk 01:03:56]} h3 {[%emt
00:03:51] [%clk 00:41:06]} a5 {[%emt 00:03:07] [%clk 01:01:19]} f4 {[%emt
00:00:15] [%clk 00:41:21]} b4 {[%emt 00:01:17] [%clk 01:00:32]} Kh2 {[%emt
00:10:46] [%clk 00:31:05]} Rac8 {[%emt 00:08:11] [%clk 00:52:50]} a3 {[%emt
00:05:42] [%clk 00:25:54]} exf4 {[%emt 00:12:54] [%clk 00:40:27]} gxf4 {[%emt
00:00:49] [%clk 00:25:34]} bxa3 {[%emt 00:00:05] [%clk 00:40:52]} Qxa3 {[%emt
00:00:18] [%clk 00:25:46]} d5 {[%emt 00:03:47] [%clk 00:37:34]} e5 {[%emt
00:00:08] [%clk 00:26:09]} Ne4 {[%emt 00:00:16] [%clk 00:37:48]} Re2 {[%emt
00:01:38] [%clk 00:25:02]} f6 {[%emt 00:04:47] [%clk 00:33:30]} Nd3 {[%emt
00:03:59] [%clk 00:21:33]} fxe5 {[%emt 00:00:05] [%clk 00:33:56]} Nxe5 {[%emt
00:00:32] [%clk 00:22:01]} Rf8 {[%emt 00:05:23] [%clk 00:29:33]} Bxe4 {[%emt
00:01:10] [%clk 00:21:22]} dxe4 {[%emt 00:00:17] [%clk 00:29:46]} Qd6 {[%emt
00:00:03] [%clk 00:21:49]} Bf5 {[%emt 00:02:30] [%clk 00:27:46]} c3 {[%emt
00:02:46] [%clk 00:19:34]} Rf6 {[%emt 00:04:37] [%clk 00:23:39]} Qxc7 {[%emt
00:00:54] [%clk 00:19:10]} Rxc7 {[%emt 00:00:03] [%clk 00:24:05]} Rd5 {[%emt
00:00:45] [%clk 00:18:55]} Ra7 {[%emt 00:02:56] [%clk 00:21:39]} Nc4 {[%emt
00:05:34] [%clk 00:13:52]} a4 {[%emt 00:01:30] [%clk 00:20:39]} Ne3 {[%emt
00:00:29] [%clk 00:13:53]} Bg6 {[%emt 00:03:52] [%clk 00:17:17]} f5 {[%emt
00:01:21] [%clk 00:13:02]} Bf7 {[%emt 00:01:16] [%clk 00:16:31]} Rc5 {[%emt
00:02:08] [%clk 00:11:24]} Rb6 {[%emt 00:10:15] [%clk 00:06:45]} Kg3 {[%emt
00:03:59] [%clk 00:07:56]} Rab7 {[%emt 00:00:43] [%clk 00:06:32]} Ra5 {[%emt
00:00:15] [%clk 00:08:12]} Rxb2 {[%emt 00:04:35] [%clk 00:02:27]} Rxb2 {[%emt
00:00:03] [%clk 00:08:38]} Rxb2 {[%emt 00:00:03] [%clk 00:02:54]} Rxa4 {[%emt
00:00:03] [%clk 00:09:05]} Rb3 {[%emt 00:04:45] [%clk 00:29:08]} Ra8+ {[%emt
00:01:37] [%clk 00:38:59]} Kh7 {[%emt 00:00:04] [%clk 00:29:34]} Rc8 {[%emt
00:00:05] [%clk 00:39:24]} Rb1 {[%emt 00:03:04] [%clk 00:27:00]} c4 {[%emt
00:02:13] [%clk 00:37:41]} g5 {[%emt 00:11:02] [%clk 00:16:28]} fxg6+ {[%emt
00:08:01] [%clk 00:30:10]} Kxg6 {[%emt 00:05:07] [%clk 00:11:51]} Rc6+ {[%emt
00:00:14] [%clk 00:30:25]} Kh5 {[%emt 00:03:14] [%clk 00:09:07]} Rc5+ {[%emt
00:04:49] [%clk 00:26:07]} Kg6 {[%emt 00:00:02] [%clk 00:09:35]} Rc6+ {[%emt
00:04:36] [%clk 00:22:01]} Kh5 {[%emt 00:00:04] [%clk 00:10:01]} c5 {[%emt
00:00:05] [%clk 00:22:26]} Rc1 {[%emt 00:02:26] [%clk 00:08:05]} Kf4 {[%emt
00:05:43] [%clk 00:17:14]} Be8 {[%emt 00:02:32] [%clk 00:06:02]} Rc7 {[%emt
00:03:16] [%clk 00:14:28]} Kh4 {[%emt 00:01:25] [%clk 00:05:07]} Re7 {[%emt
00:01:21] [%clk 00:13:37]} Rxc5 {[%emt 00:01:30] [%clk 00:04:07]} Rxe8 {[%emt
00:00:04] [%clk 00:14:03]} Kxh3 {[%emt 00:00:20] [%clk 00:04:17]} Re6 {[%emt
00:02:32] [%clk 00:12:01]} h5 {[%emt 00:00:23] [%clk 00:04:24]} Rg6 {[%emt
00:00:15] [%clk 00:12:15]} Rc8 {[%emt 00:02:29] [%clk 00:02:26]} Rg3+ {[%emt
00:02:46] [%clk 00:09:59]} Kh2 {[%emt 00:00:04] [%clk 00:02:52]} Rg2+ {[%emt
00:00:02] [%clk 00:10:26]} Kh3 {[%emt 00:00:38] [%clk 00:02:43]} Rg5 {[%emt
00:00:26] [%clk 00:10:31]} Rf8+ {[%emt 00:00:31] [%clk 00:02:42]} Nf5 {[%emt
00:00:14] [%clk 00:10:47]} h4 {[%emt 00:01:42] [%clk 00:01:30]} Kxe4 {[%emt
00:00:19] [%clk 00:10:59]} Ra8 {[%emt 00:00:08] [%clk 00:01:51]} Kf3 {[%emt
00:00:18] [%clk 00:11:11]} Ra3+ {[%emt 00:00:32] [%clk 00:01:49]} Ne3 {[%emt
00:00:05] [%clk 00:11:37]} Rb3 {[%emt 00:00:42] [%clk 00:01:37]} Rg1 {[%emt
00:01:08] [%clk 00:10:58]} Kh2 {[%emt 00:00:17] [%clk 00:01:50]} Rg2+ {[%emt
00:01:22] [%clk 00:10:06]} Kh3 {[%emt 00:00:05] [%clk 00:02:15]} Rc2 {[%emt
00:00:38] [%clk 00:09:59]} Rb8 {[%emt 00:00:49] [%clk 00:01:56]} Rg2 {[%emt
00:01:28] [%clk 00:09:01]} Rb3 {[%emt 00:00:31] [%clk 00:01:54]} Rg1 {[%emt
00:00:10] [%clk 00:09:21]} Kh2 {[%emt 00:00:04] [%clk 00:02:20]} Ra1 {[%emt
00:00:02] [%clk 00:09:49]} Rc3 {[%emt 00:00:44] [%clk 00:02:06]} Kf2 {[%emt
00:00:53] [%clk 00:09:27]} Rb3 {[%emt 00:00:26] [%clk 00:02:10]} Re1 {[%emt
00:01:55] [%clk 00:08:02]} Rb2+ {[%emt 00:00:29] [%clk 00:02:12]} Kf3 {[%emt
00:00:07] [%clk 00:08:25]} Rb3 {[%emt 00:00:07] [%clk 00:02:35]} Ra1 {[%emt
00:02:09] [%clk 00:06:46]} Rc3 {[%emt 00:00:37] [%clk 00:02:28]} Kf4 {[%emt
00:00:23] [%clk 00:06:52]} Rb3 {[%emt 00:00:59] [%clk 00:01:59]} Ra4 {[%emt
00:00:58] [%clk 00:06:24]} Kh3 {[%emt 00:00:31] [%clk 00:01:58]} Nd1 {[%emt
00:00:24] [%clk 00:06:30]} Kg2 {[%emt 00:00:42] [%clk 00:01:47]} Ra2+ {[%emt
00:00:27] [%clk 00:06:34]} Kg1 {[%emt 00:01:13] [%clk 00:01:04]} Ne3 {[%emt
00:00:18] [%clk 00:06:46]} h3 {[%emt 00:00:39] [%clk 00:00:54]} Re2 {[%emt
00:00:39] [%clk 00:06:38]} h2 {[%emt 00:00:43] [%clk 00:00:42]} Kg3 {[%emt
00:04:06] [%clk 00:03:02]} Rb1 {[%emt 00:00:40] [%clk 00:00:32]} Rg2+ {[%emt
00:00:17] [%clk 00:03:14]} Kh1 {[%clk 00:01:01]} Rxh2+ {[%emt 00:00:57] [%clk
00:02:48]} Kg1 {[%clk 00:01:31]} Re2 {[%emt 00:00:39] [%clk 00:02:39]} Kh1
{[%emt 00:00:23] [%clk 00:01:37]} Ng4 {[%emt 00:01:17] [%clk 00:01:51]} Rb3+
{[%emt 00:00:25] [%clk 00:01:43]} Kf2 {[%emt 00:00:13] [%clk 00:02:08]} Rb1
{[%emt 00:00:19] [%clk 00:01:54]} Ra2 {[%emt 00:00:26] [%clk 00:02:12]} Rb2+
{[%emt 00:00:55] [%clk 00:01:29]} Rxb2 {[%emt 00:00:35]}

[Site "Europe Echecs"]

[Event "Cannes - Festival International des Jeux"]
[Date "2026.03.01"]
[White "Srihari L"]
[Black "Bogdanov, Egor"]
[WhiteElo "2358"]
[BlackElo "2502"]
[Round "9.9.3"]
[Result "0-1"]

e4 {[%emt 00:00:01] [%clk 01:30:58]} c5 {[%emt 00:00:08] [%clk 01:30:53]} Nf3
{[%emt 00:00:05] [%clk 01:31:22]} d6 {[%emt 00:00:05] [%clk 01:31:18]} d4 {[%emt
00:00:08] [%clk 01:31:43]} cxd4 {[%emt 00:00:05] [%clk 01:31:44]} Nxd4 {[%emt
00:00:04] [%clk 01:32:09]} Nf6 {[%emt 00:00:05] [%clk 01:32:10]} Nc3 {[%emt
00:00:09] [%clk 01:32:30]} a6 {[%emt 00:00:21] [%clk 01:32:19]} Nb3 {[%emt
00:00:26] [%clk 01:32:33]} Nc6 {[%emt 00:05:09] [%clk 01:27:41]} Be3 {[%emt
00:02:52] [%clk 01:30:10]} e6 {[%emt 00:05:41] [%clk 01:22:30]} Qe2 {[%emt
00:08:31] [%clk 01:22:08]} b5 {[%emt 00:00:51] [%clk 01:22:10]} a3 {[%emt
00:00:44] [%clk 01:21:54]} Qc7 {[%emt 00:03:24] [%clk 01:19:16]} f4 {[%emt
00:02:31] [%clk 01:19:52]} b4 {[%emt 00:05:32] [%clk 01:14:16]} axb4 {[%emt
00:02:39] [%clk 01:17:43]} Nxb4 {[%emt 00:00:19] [%clk 01:14:27]} O-O-O {[%emt
00:09:15] [%clk 01:08:57]} Be7 {[%emt 00:02:46] [%clk 01:12:11]} g4 {[%emt
00:04:49] [%clk 01:04:38]} Bb7 {[%emt 00:02:40] [%clk 01:10:02]} Bg2 {[%emt
00:02:25] [%clk 01:02:42]} d5 {[%emt 00:09:20] [%clk 01:01:13]} Bd4 {[%emt
00:22:44] [%clk 00:40:28]} Qxf4+ {[%emt 00:04:19] [%clk 00:57:24]} Kb1 {[%emt
00:00:52] [%clk 00:40:06]} dxe4 {[%emt 00:02:36] [%clk 00:55:18]} g5 {[%emt
00:04:56] [%clk 00:35:39]} Qxg5 {[%emt 00:03:25] [%clk 00:52:24]} Nxe4 {[%emt
00:06:27] [%clk 00:29:42]} Qxg2 {[%emt 00:11:13] [%clk 00:41:41]} Qxg2 {[%emt
00:00:02] [%clk 00:30:10]} Bxe4 {[%emt 00:00:09] [%clk 00:42:03]} Qg3 {[%emt
00:00:36] [%clk 00:30:03]} Bxc2+ {[%emt 00:00:37] [%clk 00:41:57]} Ka1 {[%emt
00:00:27] [%clk 00:30:06]} Bxd1 {[%emt 00:00:46] [%clk 00:41:41]} Rxd1 {[%emt
00:03:03] [%clk 00:27:32]} O-O {[%emt 00:02:59] [%clk 00:39:13]} Bc3 {[%emt
00:04:03] [%clk 00:23:58]} Rfc8 {[%emt 00:05:21] [%clk 00:34:22]} Rg1 {[%emt
00:04:53] [%clk 00:19:35]} g6 {[%emt 00:01:02] [%clk 00:33:51]} Qf3 {[%emt
00:02:25] [%clk 00:17:38]} Nbd5 {[%emt 00:01:38] [%clk 00:32:45]} Be5 {[%emt
00:01:18] [%clk 00:16:49]} a5 {[%emt 00:01:58] [%clk 00:31:18]} h4 {[%emt
00:04:42] [%clk 00:12:36]} Nd7 {[%emt 00:03:41] [%clk 00:28:08]} Bd4 {[%emt
00:03:29] [%clk 00:09:37]} a4 {[%emt 00:00:42] [%clk 00:27:56]} Nd2 {[%emt
00:00:38] [%clk 00:09:28]} a3 {[%emt 00:01:58] [%clk 00:26:30]} b3 {[%emt
00:00:43] [%clk 00:09:14]} Rc2 {[%emt 00:03:29] [%clk 00:23:31]} Rf1 {[%emt
00:02:38] [%clk 00:07:06]} f5 {[%emt 00:03:01] [%clk 00:21:00]} Nc4 {[%emt
00:03:08] [%clk 00:04:28]} Nc5 {[%emt 00:03:07] [%clk 00:18:23]} Kb1 {[%emt
00:04:02] [%clk 00:00:56]} Rh2 {[%emt 00:01:09] [%clk 00:17:44]} Qg3 {[%emt
00:00:03] [%clk 00:01:23]} a2+ {[%emt 00:00:50] [%clk 00:17:25]} Ka1 {[%emt
00:00:01] [%clk 00:01:52]} Rc2 {[%emt 00:02:26] [%clk 00:15:28]} Bb2 {[%emt
00:00:02] [%clk 00:02:20]} Rxb2 {[%emt 00:04:04] [%clk 00:11:55]} Nxb2 {[%emt
00:00:51] [%clk 00:01:57]} Bf6 {[%emt 00:01:07] [%clk 00:11:18]} b4 {[%emt
00:01:46] [%clk 00:00:40]} Nxb4 {[%emt 00:01:00] [%clk 00:10:49]} Rc1 {[%emt
00:00:33] [%clk 00:00:36]} Nbd3 {[%emt 00:00:24] [%clk 00:10:55]}

[Site "Europe Echecs"]

[Event "Cannes - Festival International des Jeux"]
[Date "2026.03.01"]
[White "Ratier-Fontana, Matteo"]
[Black "Mallassagne, Francois-Eric"]
[WhiteElo "2189"]
[BlackElo "2008"]
[Round "9.9.5"]
[Result "1/2-1/2"]

Nf3 {[%emt 00:17:14] [%clk 01:13:45]} Nf6 {[%emt 00:00:05] [%clk 01:30:55]} d4
{[%emt 00:00:38] [%clk 01:13:37]} d5 {[%emt 00:00:05] [%clk 01:31:21]} e3 {[%emt
00:00:36] [%clk 01:13:30]} e6 {[%emt 00:00:30] [%clk 01:31:21]} Bd3 {[%emt
00:02:12] [%clk 01:11:49]} Be7 {[%emt 00:00:10] [%clk 01:31:41]} Nbd2 {[%emt
00:08:38] [%clk 01:03:40]} O-O {[%emt 00:02:11] [%clk 01:29:59]} O-O {[%emt
00:00:18] [%clk 01:03:53]} b6 {[%emt 00:00:25] [%clk 01:30:04]} Qe2 {[%emt
00:00:44] [%clk 01:03:39]} Bb7 {[%emt 00:00:40] [%clk 01:29:55]} c4 {[%emt
00:01:18] [%clk 01:02:52]} c5 {[%emt 00:01:35] [%clk 01:28:48]} cxd5 {[%emt
00:02:05] [%clk 01:01:17]} exd5 {[%emt 00:00:28] [%clk 01:28:50]} b3 {[%emt
00:00:08] [%clk 01:01:39]} Ne4 {[%emt 00:01:46] [%clk 01:27:34]} Bb2 {[%emt
00:00:49] [%clk 01:01:20]}

[Site "Europe Echecs"]

[Event "Cannes - Festival International des Jeux"]
[Date "2026.03.01"]
[White "Collin, Moritz Valentin"]
[Black "Shukhman, Anna"]
[WhiteElo "2285"]
[BlackElo "2431"]
[Round "9.9.6"]
[Result "1-0"]

e4 {[%emt 01:10:10]} c5 {[%emt 00:00:11]} Nf3 {[%emt 00:00:06]} d6 {[%emt
00:00:13]} d4 {[%emt 00:00:10]} cxd4 {[%emt 00:00:02]} Nxd4 {[%emt 00:00:06]}
Nf6 {[%emt 00:00:03]} Nc3 {[%emt 00:00:08]} a6 {[%emt 00:00:17]} Be2 {[%emt
00:00:06]} e5 {[%emt 00:00:05]} Nb3 {[%emt 00:00:06]} Be7 {[%emt 00:00:17]} O-O
{[%emt 00:00:10]} O-O {[%emt 00:02:19]} Bf3 {[%emt 00:00:14]} Be6 {[%emt
00:05:17]} a4 {[%emt 00:00:09]} Nbd7 {[%emt 00:05:59]} Re1 {[%emt 00:02:48]} Qc7
{[%emt 00:03:46]} Nd2 {[%emt 00:02:51]} Qc6 {[%emt 00:05:38]} a5 {[%emt
00:18:06]} d5 {[%emt 00:15:00]} exd5 {[%emt 00:00:15]} Nxd5 {[%emt 00:00:02]}
Ndb1 {[%emt 00:03:20]} N7f6 {[%emt 00:05:11]} Rxe5 {[%emt 00:03:07]} Rad8 {[%emt
00:03:02]} Qe1 {[%emt 00:03:29]} Bd6 {[%emt 00:07:29]} Re2 {[%emt 00:03:55]} h6
{[%emt 00:03:45]} Ra4 {[%emt 00:08:06]} Qc7 {[%emt 00:04:43]} g3 {[%emt
00:01:30]} b5 {[%emt 00:07:09]} axb6 {[%emt 00:00:58]} Nxb6 {[%emt 00:02:05]}
Ra1 {[%emt 00:04:57]} Bc4 {[%emt 00:01:00]} Rd2 {[%emt 00:01:41]} Rfe8 {[%emt
00:01:06]} Qd1 {[%emt 00:01:08]} Qe7 {[%emt 00:04:03]} Kg2 {[%emt 00:02:27]} Qd7
{[%emt 00:06:48]} Rd4 {[%emt 00:04:47]} Be6 {[%emt 00:00:49]} Kg1 {[%emt
00:03:35]} Bh3 {[%emt 00:03:16]} Be3 {[%emt 00:03:05]} Qf5 {[%emt 00:10:38]} Nd2
{[%emt 00:01:22]} Bc5 {[%emt 00:01:22]} Rxd8 {[%emt 00:00:37]} Rxd8 {[%emt
00:00:02]} Bxc5 {[%emt 00:03:15]} Qxc5 {[%emt 00:00:10]} Qe2 {[%emt 00:01:09]}
Qb4 {[%emt 00:00:43]} Nb3 {[%emt 00:01:10]} Be6 {[%emt 00:00:10]} Qxa6 {[%emt
00:05:20]} Bxb3 {[%emt 00:01:51]} cxb3 {[%emt 00:00:08]} Rd2 {[%emt 00:00:41]}
Qa3 {[%emt 00:01:22]} Qd4 {[%emt 00:00:06]} Rf1 {[%emt 00:00:10]} Nbd7 {[%emt
00:00:34]} Bg2 {[%emt 00:02:09]} Nc5 {[%emt 00:01:54]} Qa8+ {[%emt 00:00:45]}
Kh7 {[%emt 00:00:03]} Qa7 {[%emt 00:01:01]} Nfd7 {[%emt 00:02:01]} Na4 {[%emt
00:01:39]} Nxb3 {[%emt 00:00:41]} Qxd4 {[%emt 00:00:38]} Nxd4 {[%emt 00:10:31]}
b4 {[%emt 00:01:00]} Ne5 {[%emt 00:02:40]} Rb1 {[%emt 00:08:21]} Nb5 {[%emt
00:04:38]} Bf1 {[%emt 00:01:36]} Nf3+ {[%emt 00:01:52]} Kg2 {[%emt 00:00:09]}
Nfd4 {[%emt 00:00:44]} Rc1 {[%emt 00:01:47]} Nd6 {[%emt 00:01:00]} Nc3 {[%emt
00:02:55]} N6f5 {[%emt 00:01:38]} Nd5 {[%emt 00:04:46]} g6 {[%emt 00:01:56]} b5
{[%emt 00:01:17]} Nd6 {[%emt 00:01:16]} b6 {[%emt 00:00:40]} Ne4 {[%emt
00:00:50]} b7 {[%emt 00:03:59]} Rxf2+ {[%emt 00:00:14]} Kh1 {[%emt 00:01:24]}
Rb2 {[%emt 00:00:53]} Bg2 {[%emt 00:01:39]} Nf2+ {[%emt 00:01:16]} Kg1 {[%emt
00:00:05]} Ne2+ {[%emt 00:03:48]} Kxf2 {[%emt 00:00:06]} Nxc1+ {[%emt 00:00:02]}
Ke3 {[%emt 00:01:03]} Kg7 {[%emt 00:01:52]} Nc7 {[%emt 00:00:27]} Rb3+ {[%emt
00:01:21]} Kd2 {[%emt 00:01:28]} Nd3 {[%emt 00:00:16]} Bd5 {[%emt 00:01:12]}
Rxb7 {[%emt 00:01:24]} Bxb7 {[%emt 00:00:06]} Ne5 {[%emt 00:00:11]} Ke2 {[%emt
00:00:43]} f5 {[%emt 00:00:33]} Bf3 {[%emt 00:01:22]} g5 {[%emt 00:00:44]} Ne6+
{[%emt 00:01:01]} Kg6 {[%emt 00:01:28]} Nc5 {[%emt 00:00:45]} h5 {[%emt
00:00:35]} h3 {[%emt 00:01:42]} g4 {[%emt 00:00:43]} hxg4 {[%emt 00:00:16]} fxg4
{[%emt 00:00:01]} Be4+ {[%emt 00:00:24]} Kg5 {[%emt 00:00:16]} Ne6+ {[%emt
00:00:09]} Kf6 {[%emt 00:00:09]} Nf4 {[%emt 00:00:27]} Kg5 {[%emt 00:00:02]} Ng2
{[%emt 00:00:09]} Nc4 {[%emt 00:01:02]} Nh4 {[%emt 00:01:15]} Ne5 {[%emt
00:01:04]} Bd3 {[%emt 00:00:55]} Nd7 {[%emt 00:00:43]} Kd2 {[%emt 00:00:41]} Ne5
{[%emt 00:00:24]} Ke3 {[%emt 00:00:19]} Nc6 {[%emt 00:00:29]} Be4 {[%emt
00:00:10]} Ne5 {[%emt 00:00:30]} Kd4 {[%emt 00:00:18]} Nd7 {[%emt 00:00:49]} Bf5
{[%emt 00:01:20]} Nb6 {[%emt 00:00:35]} Be6 {[%emt 00:01:14]} Kf6 {[%emt
00:00:23]} Bd5 {[%emt 00:00:35]} Nd7 {[%emt 00:00:24]} Bc6 {[%emt 00:00:39]} Nf8
{[%emt 00:00:01]} Be8 {[%emt 00:00:54]} Ne6+ {[%emt 00:00:22]} Kc4 {[%emt
00:00:42]} Kg5 {[%emt 00:01:13]} Ng2 {[%emt 00:00:05]} Nf8 {[%emt 00:00:26]} Kd5
{[%emt 00:00:28]} Nh7 {[%emt 00:00:04]} Ke6 {[%emt 00:00:56]} Nf8+ {[%emt
00:01:03]} Ke7 {[%emt 00:00:16]} Nh7 {[%emt 00:00:01]} Bc6 {[%emt 00:00:50]} Kf5
{[%emt 00:00:45]} Nh4+ {[%emt 00:00:21]} Kg5 {[%emt 00:00:37]} Kf7 {[%emt
00:00:47]} Nf6 {[%emt 00:00:15]} Ng2 {[%emt 00:00:30]} Kf5 {[%emt 00:00:29]} Kg7
{[%emt 00:00:30]} Kg5 {[%emt 00:00:20]} Ne3 {[%emt 00:00:41]} Ng8 {[%emt
00:00:48]} Kxg8 {[%emt 00:00:19]} h4 {[%emt 00:00:01]} gxh4+ {[%emt 00:00:20]}
Kxh4 {[%emt 00:00:04]} Kf7 {[%emt 00:00:18]} Kg3 {[%emt 00:00:17]} Bd7 {[%emt
00:00:20]} Kf3 {[%emt 00:00:04]} Nxg4 {[%emt 00:00:05]} Ke4 {[%emt 00:00:02]}
Ke6 {[%emt 00:00:14]} Kd4 {[%emt 00:00:05]} Nf6 {[%emt 00:00:25]} Kc4 {[%emt
00:00:08]} Ke5 {[%emt 00:00:06]} Kc3 {[%emt 00:00:05]} Bb5 {[%emt 00:01:01]} Kb4
{[%emt 00:00:09]} Bf1 {[%emt 00:00:17]} Kc3 {[%emt 00:00:03]} Ne4+ {[%emt
00:00:09]} Kb4 {[%emt 00:00:23]} Kd4 {[%emt 00:00:06]} Kb3 {[%emt 00:00:03]}
Bc4+ {[%emt 00:00:24]} Kc2 {[%emt 00:00:03]} Ke3 {[%emt 00:00:33]} Kb1 {[%emt
00:00:19]} Kd2 {[%emt 00:00:14]} Kb2 {[%emt 00:00:04]} Kd3 {[%emt 00:00:09]} Kc1
{[%emt 00:00:43]} Kc3 {[%emt 00:00:08]} Kb1 {[%emt 00:00:26]} Nc5 {[%emt
00:00:26]} Kc1 {[%emt 00:02:10]} Bb3 {[%emt 00:01:40]} Kb1 {[%emt 00:00:03]} Nd3
{[%emt 00:00:06]} Ka1 {[%emt 00:00:03]} Ne1 {[%emt 00:00:08]} Kb1 {[%emt
00:00:03]} Nc2 {[%emt 00:00:12]} Kc1 {[%emt 00:00:02]} Ba2 {[%emt 00:00:23]} Kd1
{[%emt 00:00:02]} Nd4 {[%emt 00:00:22]} Kc1 {[%emt 00:00:50]} Ne2+ {[%emt
00:00:08]} Kd1 {[%emt 00:00:02]} Kd3 {[%emt 00:00:06]} Ke1 {[%emt 00:00:02]} Ke3
{[%emt 00:00:08]} Kf1 {[%emt 00:00:04]} Nf4 {[%emt 00:00:29]} Ke1 {[%emt
00:00:05]} Bb3 {[%emt 00:00:09]} Kf1 {[%emt 00:00:02]} Ba4 {[%emt 00:00:20]} Kg1
{[%emt 00:00:08]} Kf3 {[%emt 00:00:10]} Kh1 {[%emt 00:00:27]} Kg3 {[%emt
00:00:22]} Kg1 {[%emt 00:00:03]} Bb5 {[%emt 00:00:13]} Kh1 {[%emt 00:00:02]} Ba6
{[%emt 00:00:09]}